[Event "DVM U20 2023"]
[Site "Magdeburg GER"]
[Date "2023.12.28"]
[Round "3"]
[White "Baranyai-Molnar, Adam-Kristof"]
[Black "Ehrig, Leon Chris"]
[Result "1-0"]
[Termination "normal"]
[Board "4.2"]
[WhiteElo "1965"]
[BlackElo "2051"]
[WhiteClock "00:05:25"]
[BlackClock "00:01:23"]
[WhiteTeam "SF Neuberg"]
[BlackTeam "USG Chemnitz"]
[PlyCount "79"]
[WhiteFideId "768022"]
[BlackFideId "16244796"]
[EventCountry "GER"]
[EventRounds "7"]
[EventType "team-swiss"]
[EventDate "2023.12.26"]

1. f4 {[%clk 01:30:57]} {[%emt 00:00:03]} c5 {[%clk 01:29:21]} {[%emt
00:01:39]} 2. Nf3 {[%clk 01:31:22]} {[%emt 00:00:05]} d5 {[%clk 01:29:30]}
{[%emt 00:00:20]} 3. g3 {[%clk 01:31:45]} {[%emt 00:00:07]} Nc6 {[%clk
01:29:05]} {[%emt 00:00:57]} 4. Bg2 {[%clk 01:32:10]} {[%emt 00:00:05]} g6
{[%clk 01:27:46]} {[%emt 00:01:48]} 5. O-O {[%clk 01:32:28]} {[%emt 00:00:13]}
Bg7 {[%clk 01:27:51]} {[%emt 00:00:25]} 6. d3 {[%clk 01:32:40]} {[%emt
00:00:17]} Nf6 {[%clk 01:25:07]} {[%emt 00:03:13]} 7. Qe1 {[%clk 01:32:47]}
{[%emt 00:00:24]} O-O {[%clk 01:20:57]} {[%emt 00:04:39]} 8. e4 {[%clk
01:33:13]} {[%emt 00:00:05]} dxe4 {[%clk 01:09:59]} {[%emt 00:11:29]} 9. dxe4
{[%clk 01:33:38]} {[%emt 00:00:05]} Nd4 {[%clk 01:10:06]} {[%emt 00:00:23]} 10.
e5 {[%clk 01:14:08]} {[%emt 00:19:59]} Nxc2 {[%clk 00:54:57]} {[%emt 00:15:40]}
11. Qf2 {[%clk 01:10:03]} {[%emt 00:04:35]} Nxa1 {[%clk 00:53:51]} {[%emt
00:01:36]} 12. exf6 {[%clk 01:10:28]} {[%emt 00:00:05]} Bxf6 {[%clk 00:53:59]}
{[%emt 00:00:22]} 13. Be3 {[%clk 01:10:42]} {[%emt 00:00:15]} Qd3 {[%clk
00:51:20]} {[%emt 00:03:10]} 14. Na3 {[%clk 01:05:53]} {[%emt 00:05:18]} Bxb2
{[%clk 00:50:59]} {[%emt 00:00:52]} 15. Qxb2 {[%clk 01:06:19]} {[%emt
00:00:04]} Qxe3+ {[%clk 00:51:23]} {[%emt 00:00:07]} 16. Kh1 {[%clk 01:06:36]}
{[%emt 00:00:12]} Rd8 {[%clk 00:37:51]} {[%emt 00:14:02]} 17. Rxa1 {[%clk
01:00:09]} {[%emt 00:06:57]} Be6 {[%clk 00:32:32]} {[%emt 00:05:50]} 18. Re1
{[%clk 00:39:56]} {[%emt 00:20:42]} Qd3 {[%clk 00:30:32]} {[%emt 00:02:31]} 19.
Nc2 {[%clk 00:34:23]} {[%emt 00:06:02]} Bd5 {[%clk 00:28:17]} {[%emt 00:02:46]}
20. Ne3 {[%clk 00:26:32]} {[%emt 00:08:20]} Bc6 {[%clk 00:22:43]} {[%emt
00:06:05]} 21. Ng4 {[%clk 00:26:25]} {[%emt 00:00:36]} f6 {[%clk 00:11:05]}
{[%emt 00:12:09]} 22. Nf2 {[%clk 00:21:59]} {[%emt 00:04:56]} Qd7 {[%clk
00:09:21]} {[%emt 00:02:13]} 23. Qe2 {[%clk 00:14:15]} {[%emt 00:08:13]} Kf8
{[%clk 00:05:14]} {[%emt 00:04:39]} 24. h4 {[%clk 00:13:23]} {[%emt 00:01:22]}
b6 {[%clk 00:05:02]} {[%emt 00:00:42]} 25. Kh2 {[%clk 00:11:48]} {[%emt
00:02:04]} Qb7 {[%clk 00:04:56]} {[%emt 00:00:37]} 26. h5 {[%clk 00:11:36]}
{[%emt 00:00:42]} Rd7 {[%clk 00:04:38]} {[%emt 00:00:47]} 27. Qe3 {[%clk
00:04:33]} {[%emt 00:07:33]} Kg7 {[%clk 00:03:41]} {[%emt 00:01:28]} 28. Bh3
{[%clk 00:04:11]} {[%emt 00:00:51]} Rc7 {[%clk 00:02:47]} {[%emt 00:01:25]} 29.
Nh4 {[%clk 00:04:20]} {[%emt 00:00:21]} Rd8 {[%clk 00:02:45]} {[%emt 00:00:31]}
30. Qe2 {[%clk 00:03:04]} {[%emt 00:01:47]} Rd4 {[%clk 00:01:25]} {[%emt
00:01:50]} 31. hxg6 {[%clk 00:03:14]} {[%emt 00:00:19]} hxg6 {[%clk 00:01:37]}
{[%emt 00:00:17]} 32. Qg4 {[%clk 00:03:39]} {[%emt 00:00:05]} Be8 {[%clk
00:01:32]} {[%emt 00:00:35]} 33. Nf5+ {[%clk 00:03:25]} {[%emt 00:00:46]} Kf7
{[%clk 00:01:56]} {[%emt 00:00:04]} 34. Nxd4 {[%clk 00:03:34]} {[%emt
00:00:21]} cxd4 {[%clk 00:02:23]} {[%emt 00:00:03]} 35. f5 {[%clk 00:03:49]}
{[%emt 00:00:15]} gxf5 {[%clk 00:02:00]} {[%emt 00:00:54]} 36. Qh5+ {[%clk
00:04:04]} {[%emt 00:00:13]} Kf8 {[%clk 00:02:14]} {[%emt 00:00:17]} 37. Qh8+
{[%clk 00:04:30]} {[%emt 00:00:04]} Kf7 {[%clk 00:02:37]} {[%emt 00:00:07]} 38.
Bxf5 {[%clk 00:04:53]} {[%emt 00:00:07]} e5 {[%clk 00:02:19]} {[%emt 00:00:48]}
39. Ng4 {[%clk 00:05:03]} {[%emt 00:00:20]} Qc6 {[%clk 00:01:23]} {[%emt
00:01:26]} 40. Rxe5 {[%clk 00:05:25]} {[%emt 00:00:07]} 1-0

[Event "DVM U20 2023"]
[Site "Magdeburg GER"]
[Date "2023.12.28"]
[Round "3"]
[White "Friedland, Manfred"]
[Black "Eull, Emil"]
[Result "0-1"]
[Termination "normal"]
[Board "4.3"]
[WhiteElo "1770"]
[BlackElo "2077"]
[WhiteClock "00:01:40"]
[BlackClock "01:01:33"]
[WhiteTeam "USG Chemnitz"]
[BlackTeam "SF Neuberg"]
[PlyCount "32"]
[WhiteFideId "16240251"]
[BlackFideId "16253809"]
[EventCountry "GER"]
[EventRounds "7"]
[EventType "team-swiss"]
[EventDate "2023.12.26"]

1. e4 {[%clk 01:30:57]} {[%emt 00:00:03]} c6 {[%clk 01:30:55]} {[%emt
00:00:06]} 2. d4 {[%clk 01:31:18]} {[%emt 00:00:09]} d5 {[%clk 01:31:19]}
{[%emt 00:00:06]} 3. e5 {[%clk 01:31:43]} {[%emt 00:00:04]} Bf5 {[%clk
01:31:45]} {[%emt 00:00:04]} 4. Nc3 {[%clk 01:31:51]} {[%emt 00:00:23]} e6
{[%clk 01:32:10]} {[%emt 00:00:04]} 5. g4 {[%clk 01:31:18]} {[%emt 00:01:02]}
Bg6 {[%clk 01:32:39]} {[%emt 00:00:02]} 6. Nge2 {[%clk 01:31:37]} {[%emt
00:00:10]} c5 {[%clk 01:33:05]} {[%emt 00:00:04]} 7. h4 {[%clk 01:31:49]}
{[%emt 00:00:18]} h5 {[%clk 01:33:34]} {[%emt 00:00:03]} 8. Nf4 {[%clk
01:31:47]} {[%emt 00:00:30]} Bh7 {[%clk 01:34:03]} 9. Nxh5 {[%clk 01:31:49]}
{[%emt 00:00:29]} Nc6 {[%clk 01:34:31]} {[%emt 00:00:01]} 10. dxc5 {[%clk
01:15:27]} {[%emt 00:16:52]} Bxc5 {[%clk 01:34:00]} {[%emt 00:01:01]} 11. Bb5
{[%clk 00:38:03]} {[%emt 00:37:55]} Qc7 {[%clk 01:34:02]} {[%emt 00:00:26]} 12.
Bxc6+ {[%clk 00:33:00]} {[%emt 00:05:33]} Qxc6 {[%clk 01:33:54]} {[%emt
00:00:39]} 13. Ne2 {[%clk 00:02:32]} {[%emt 00:30:57]} O-O-O {[%clk 01:12:22]}
{[%emt 00:22:03]} 14. Rh3 {[%clk 00:02:19]} {[%emt 00:00:43]} d4 {[%clk
01:08:59]} {[%emt 00:03:53]} 15. Kf1 {[%clk 00:02:03]} {[%emt 00:00:45]} Be4
{[%clk 01:05:19]} {[%emt 00:04:12]} 16. Kg1 {[%clk 00:01:40]} {[%emt 00:00:52]}
Bf3 {[%clk 01:01:33]} {[%emt 00:04:17]} 0-1

[Event "DVM U20 2023"]
[Site "Magdeburg GER"]
[Date "2023.12.28"]
[Round "3"]
[White "Buchinger, Alexis"]
[Black "Mehner, Lorenz"]
[Result "1-0"]
[Termination "normal"]
[Board "4.4"]
[WhiteElo "1823"]
[BlackElo "1825"]
[WhiteClock "00:36:43"]
[BlackClock "00:01:16"]
[WhiteTeam "SF Neuberg"]
[BlackTeam "USG Chemnitz"]
[PlyCount "75"]
[WhiteFideId "16287134"]
[BlackFideId "16293096"]
[EventCountry "GER"]
[EventRounds "7"]
[EventType "team-swiss"]
[EventDate "2023.12.26"]

1. e4 {[%clk 01:30:54]} c5 {[%clk 01:30:54]} {[%emt 00:00:13]} 2. Nf3 {[%clk
01:31:18]} d6 {[%clk 01:31:15]} {[%emt 00:00:15]} 3. d4 {[%emt 00:00:41]} cxd4
{[%clk 01:31:27]} 4. Nxd4 {[%clk 01:31:46]} {[%emt 00:00:06]} Nf6 {[%clk
01:31:47]} {[%emt 00:00:12]} 5. Nc3 {[%clk 01:32:11]} {[%emt 00:00:05]} g6
{[%clk 01:32:06]} {[%emt 00:00:12]} 6. Be3 {[%clk 01:32:34]} {[%emt 00:00:06]}
Bg7 {[%clk 01:32:27]} {[%emt 00:00:09]} 7. f3 {[%clk 01:32:57]} {[%emt
00:00:08]} O-O {[%clk 01:32:47]} {[%emt 00:00:08]} 8. Qd2 {[%clk 01:33:17]}
{[%emt 00:00:11]} Nc6 {[%clk 01:33:03]} {[%emt 00:00:16]} 9. O-O-O {[%clk
01:33:16]} {[%emt 00:00:29]} d5 {[%clk 01:32:07]} {[%emt 00:01:26]} 10. exd5
{[%clk 01:33:23]} {[%emt 00:00:23]} Nxd5 {[%clk 01:32:14]} {[%emt 00:00:24]}
11. Nxc6 {[%clk 01:33:27]} {[%emt 00:00:24]} bxc6 {[%clk 01:32:33]} {[%emt
00:00:12]} 12. Bd4 {[%clk 01:33:36]} {[%emt 00:00:21]} e5 {[%clk 01:31:44]}
{[%emt 00:01:20]} 13. Bc5 {[%clk 01:33:39]} {[%emt 00:00:26]} Be6 {[%clk
01:30:57]} {[%emt 00:01:17]} 14. Ne4 {[%clk 01:21:03]} {[%emt 00:13:05]} a5
{[%clk 01:02:06]} {[%emt 00:29:22]} 15. c4 {[%clk 01:00:50]} {[%emt 00:20:43]}
Nf6 {[%clk 00:53:08]} {[%emt 00:09:28]} 16. Qxd8 {[%clk 00:54:05]} {[%emt
00:07:15]} Rfxd8 {[%clk 00:41:13]} {[%emt 00:12:26]} 17. Rxd8+ {[%clk
00:52:42]} {[%emt 00:01:51]} Rxd8 {[%clk 00:41:40]} {[%emt 00:00:04]} 18. Be7
{[%clk 00:51:47]} {[%emt 00:01:25]} Bh6+ {[%clk 00:39:04]} {[%emt 00:03:06]}
19. Kc2 {[%clk 00:51:23]} {[%emt 00:00:50]} Nxe4 {[%clk 00:37:01]} {[%emt
00:02:37]} 20. Bxd8 {[%clk 00:51:34]} {[%emt 00:00:19]} Nf2 {[%clk 00:30:43]}
{[%emt 00:06:48]} 21. Rg1 {[%clk 00:51:09]} {[%emt 00:00:54]} Bf5+ {[%clk
00:27:36]} {[%emt 00:03:39]} 22. Kb3 {[%clk 00:50:18]} {[%emt 00:01:20]} Be3
{[%clk 00:23:53]} {[%emt 00:04:14]} 23. g4 {[%clk 00:45:14]} {[%emt 00:05:33]}
Be6 {[%clk 00:16:23]} {[%emt 00:08:00]} 24. Rg2 {[%clk 00:43:26]} {[%emt
00:02:17]} Bd4 {[%clk 00:13:13]} {[%emt 00:03:41]} 25. Bxa5 {[%clk 00:41:25]}
{[%emt 00:02:31]} f5 {[%clk 00:11:55]} {[%emt 00:01:47]} 26. gxf5 {[%clk
00:37:56]} {[%emt 00:03:59]} Bxf5 {[%clk 00:11:53]} {[%emt 00:00:32]} 27. Bc3
{[%clk 00:37:14]} {[%emt 00:01:10]} Bxc3 {[%clk 00:06:08]} {[%emt 00:06:18]}
28. bxc3 {[%clk 00:36:37]} {[%emt 00:01:06]} Nh3 {[%clk 00:04:37]} {[%emt
00:02:01]} 29. Re2 {[%clk 00:34:56]} {[%emt 00:02:11]} Bd3 {[%clk 00:02:12]}
{[%emt 00:02:56]} 30. Re1 {[%clk 00:34:44]} {[%emt 00:00:40]} Bxf1 {[%clk
00:01:48]} {[%emt 00:00:55]} 31. Rxf1 {[%clk 00:35:09]} {[%emt 00:00:06]} Nf4
{[%clk 00:01:40]} {[%emt 00:00:38]} 32. Re1 {[%clk 00:34:51]} {[%emt 00:00:44]}
Nd3 {[%clk 00:01:55]} {[%emt 00:00:19]} 33. Re3 {[%clk 00:35:12]} {[%emt
00:00:08]} Nc5+ {[%clk 00:02:04]} {[%emt 00:00:23]} 34. Kb4 {[%clk 00:35:36]}
{[%emt 00:00:05]} Nd7 {[%clk 00:01:41]} {[%emt 00:00:53]} 35. a4 {[%clk
00:35:43]} {[%emt 00:00:23]} Kf7 {[%clk 00:01:38]} {[%emt 00:00:34]} 36. a5
{[%clk 00:36:03]} {[%emt 00:00:10]} Ke6 {[%clk 00:01:26]} {[%emt 00:00:42]} 37.
a6 {[%clk 00:36:19]} {[%emt 00:00:13]} Kd6 {[%clk 00:01:16]} {[%emt 00:00:41]}
38. Rd3+ {[%clk 00:36:43]} {[%emt 00:00:06]} 1-0

[Event "DVM U20 2023"]
[Site "Magdeburg GER"]
[Date "2023.12.28"]
[Round "3"]
[White "Sayouf, Rafif"]
[Black "Kolzenburg, Jan Niklas"]
[Result "0-1"]
[Termination "normal"]
[Board "4.5"]
[WhiteElo "1346"]
[BlackElo "1621"]
[WhiteClock "00:52:28"]
[BlackClock "00:04:25"]
[WhiteTeam "USG Chemnitz"]
[BlackTeam "SF Neuberg"]
[PlyCount "120"]
[WhiteFideId "34630333"]
[BlackFideId "16274830"]
[EventCountry "GER"]
[EventRounds "7"]
[EventType "team-swiss"]
[EventDate "2023.12.26"]

1. e4 {[%clk 01:30:50]} {[%emt 00:00:10]} e5 {[%clk 01:30:46]} {[%emt
00:00:14]} 2. Nf3 {[%clk 01:31:11]} {[%emt 00:00:09]} Nf6 {[%clk 01:31:11]}
{[%emt 00:00:05]} 3. Nc3 {[%clk 01:31:28]} {[%emt 00:00:14]} Nc6 {[%clk
01:29:09]} {[%emt 00:02:32]} 4. Bc4 {[%clk 01:31:16]} {[%emt 00:00:41]} Bb4
{[%clk 01:27:43]} {[%emt 00:01:55]} 5. Nd5 {[%clk 01:30:22]} {[%emt 00:01:25]}
d6 {[%clk 01:18:42]} {[%emt 00:09:31]} 6. c3 {[%clk 01:29:17]} {[%emt
00:01:34]} Ba5 {[%clk 01:12:38]} {[%emt 00:06:34]} 7. d3 {[%clk 01:28:30]}
{[%emt 00:01:18]} h6 {[%clk 01:11:37]} {[%emt 00:01:32]} 8. Be3 {[%clk
01:26:27]} {[%emt 00:02:32]} O-O {[%clk 01:10:23]} {[%emt 00:01:44]} 9. h3
{[%clk 01:26:16]} {[%emt 00:00:41]} Nxd5 {[%clk 01:05:33]} {[%emt 00:05:19]}
10. Bxd5 {[%clk 01:26:12]} {[%emt 00:00:34]} Ne7 {[%clk 01:03:20]} {[%emt
00:02:44]} 11. Bb3 {[%clk 01:19:07]} {[%emt 00:07:34]} c6 {[%clk 00:54:35]}
{[%emt 00:09:17]} 12. d4 {[%clk 01:15:53]} {[%emt 00:03:45]} exd4 {[%clk
00:46:22]} {[%emt 00:08:42]} 13. Nxd4 {[%clk 01:15:49]} {[%emt 00:00:32]} d5
{[%clk 00:41:18]} {[%emt 00:05:34]} 14. Bc2 {[%clk 01:11:59]} {[%emt 00:04:21]}
dxe4 {[%clk 00:35:19]} {[%emt 00:06:30]} 15. Bxe4 {[%clk 01:12:09]} {[%emt
00:00:18]} Nd5 {[%clk 00:35:21]} {[%emt 00:00:29]} 16. Bxd5 {[%clk 01:11:16]}
{[%emt 00:01:23]} Qxd5 {[%clk 00:35:28]} {[%emt 00:00:24]} 17. Nf3 {[%clk
01:11:32]} {[%emt 00:00:13]} Qb5 {[%clk 00:30:34]} {[%emt 00:05:23]} 18. Qe2
{[%clk 01:07:20]} {[%emt 00:04:42]} Qxe2+ {[%clk 00:28:40]} {[%emt 00:02:25]}
19. Kxe2 {[%clk 01:07:45]} {[%emt 00:00:05]} Re8 {[%clk 00:28:17]} {[%emt
00:00:53]} 20. Rhe1 {[%clk 01:07:03]} {[%emt 00:01:12]} Be6 {[%clk 00:26:47]}
{[%emt 00:02:00]} 21. Kf1 {[%clk 01:06:46]} {[%emt 00:00:47]} Bd5 {[%clk
00:25:28]} {[%emt 00:01:50]} 22. Nd2 {[%clk 01:03:31]} {[%emt 00:03:45]} Re6
{[%clk 00:17:51]} {[%emt 00:08:06]} 23. b4 {[%clk 01:02:38]} {[%emt 00:01:24]}
Bc7 {[%clk 00:15:04]} {[%emt 00:03:17]} 24. Bd4 {[%clk 01:01:14]} {[%emt
00:01:53]} Rae8 {[%clk 00:12:39]} {[%emt 00:02:55]} 25. Rxe6 {[%clk 00:57:52]}
{[%emt 00:03:52]} Bxe6 {[%clk 00:12:53]} {[%emt 00:00:16]} 26. Re1 {[%clk
00:52:52]} {[%emt 00:05:30]} Bf4 {[%clk 00:08:16]} {[%emt 00:05:07]} 27. Be3
{[%clk 00:51:44]} {[%emt 00:01:39]} Bxe3 {[%clk 00:07:03]} {[%emt 00:01:43]}
28. Rxe3 {[%clk 00:49:43]} {[%emt 00:02:30]} Rd8 {[%clk 00:07:12]} {[%emt
00:00:21]} 29. Ke2 {[%clk 00:49:31]} {[%emt 00:00:40]} Kf8 {[%clk 00:07:05]}
{[%emt 00:00:38]} 30. a3 {[%clk 00:49:00]} {[%emt 00:01:01]} b6 {[%clk
00:06:05]} {[%emt 00:01:30]} 31. g4 {[%clk 00:46:38]} {[%emt 00:02:53]} g5
{[%clk 00:05:13]} {[%emt 00:01:22]} 32. f3 {[%clk 00:45:43]} {[%emt 00:01:26]}
Kg7 {[%clk 00:03:39]} {[%emt 00:02:04]} 33. Rd3 {[%clk 00:42:10]} {[%emt
00:04:03]} Rc8 {[%clk 00:02:14]} {[%emt 00:01:55]} 34. Ke3 {[%clk 00:37:16]}
{[%emt 00:05:23]} c5 {[%clk 00:01:49]} {[%emt 00:00:55]} 35. f4 {[%clk
00:36:29]} {[%emt 00:01:17]} Re8 {[%clk 00:01:29]} {[%emt 00:00:50]} 36. Kf3
{[%clk 00:36:04]} {[%emt 00:00:54]} cxb4 {[%clk 00:01:28]} {[%emt 00:00:32]}
37. cxb4 {[%clk 00:35:53]} {[%emt 00:00:40]} Re7 {[%clk 00:01:23]} {[%emt
00:00:36]} 38. f5 {[%clk 00:34:13]} {[%emt 00:02:11]} Bc8 {[%clk 00:01:47]}
{[%emt 00:00:05]} 39. Kf2 {[%clk 00:34:01]} {[%emt 00:00:42]} Rd7 {[%clk
00:01:51]} {[%emt 00:00:25]} 40. Rxd7 {[%clk 00:34:03]} {[%emt 00:00:29]} Bxd7
{[%clk 00:02:12]} {[%emt 00:00:09]} 41. Kg3 {[%clk 00:34:20]} {[%emt 00:00:14]}
Kf6 {[%clk 00:00:35]} {[%emt 00:02:07]} 42. Nc4 {[%clk 00:32:49]} {[%emt
00:02:00]} Ke7 {[%clk 00:21:37]} {[%emt 00:09:27]} 43. h4 {[%clk 01:02:36]}
{[%emt 00:00:43]} f6 {[%clk 00:17:42]} {[%emt 00:04:25]} 44. hxg5 {[%clk
01:02:23]} {[%emt 00:00:44]} hxg5 {[%clk 00:18:01]} {[%emt 00:00:10]} 45. Kf3
{[%clk 01:02:38]} {[%emt 00:00:15]} Bb5 {[%clk 00:15:53]} {[%emt 00:02:38]} 46.
Ne3 {[%clk 01:02:46]} {[%emt 00:00:21]} Bc6+ {[%clk 00:15:52]} {[%emt
00:00:31]} 47. Ke2 {[%clk 01:02:48]} {[%emt 00:00:29]} Kd6 {[%clk 00:15:24]}
{[%emt 00:00:58]} 48. Nc2 {[%clk 01:01:36]} {[%emt 00:01:39]} Ke5 {[%clk
00:14:26]} {[%emt 00:01:32]} 49. Ke3 {[%clk 01:01:20]} {[%emt 00:00:45]} Ba4
{[%clk 00:11:03]} {[%emt 00:03:53]} 50. Nd4 {[%clk 00:59:21]} {[%emt 00:02:29]}
Kd5 {[%clk 00:10:54]} {[%emt 00:00:39]} 51. Kd3 {[%clk 00:55:45]} {[%emt
00:04:06]} Bd1 {[%clk 00:09:52]} {[%emt 00:01:32]} 52. Nb5 {[%clk 00:52:58]}
{[%emt 00:03:16]} Bxg4 {[%clk 00:07:19]} {[%emt 00:03:03]} 53. Nxa7 {[%clk
00:52:55]} {[%emt 00:00:33]} Bxf5+ {[%clk 00:07:41]} {[%emt 00:00:08]} 54. Kc3
{[%clk 00:53:04]} {[%emt 00:00:21]} Bd7 {[%clk 00:07:56]} {[%emt 00:00:15]} 55.
b5 {[%clk 00:52:47]} {[%emt 00:00:47]} f5 {[%clk 00:06:09]} {[%emt 00:02:18]}
56. a4 {[%clk 00:52:54]} {[%emt 00:00:23]} g4 {[%clk 00:05:55]} {[%emt
00:00:44]} 57. Kd3 {[%clk 00:52:52]} {[%emt 00:00:31]} g3 {[%clk 00:05:05]}
{[%emt 00:01:21]} 58. Ke3 {[%clk 00:52:55]} {[%emt 00:00:26]} f4+ {[%clk
00:05:18]} {[%emt 00:00:16]} 59. Kf3 {[%clk 00:53:00]} {[%emt 00:00:26]} Kd6
{[%clk 00:05:02]} {[%emt 00:00:47]} 60. a5 {[%clk 00:52:28]} {[%emt 00:01:02]}
bxa5 {[%clk 00:04:25]} {[%emt 00:01:07]} 0-1